Havard graphics for windows
| Main Author: | |
|---|---|
| Format: | Book |
| Published: |
New York :
McGraw-Hill ,
1992
|
| Subjects: |
MARC
| LEADER | 00000cam a2200000 7i4500 | ||
|---|---|---|---|
| 001 | 0000003063 | ||
| 002 | 000003316 | ||
| 005 | 20000330.0 | ||
| 020 | |a 0078817900 | ||
| 090 | 0 | 0 | |a 006.6869 |b CAM |
| 100 | 1 | |a Campbell, Mary | |
| 245 | 1 | 0 | |a Havard graphics for windows |c Mary campbell |
| 260 | |a New York : |b McGraw-Hill , |c 1992 | ||
| 300 | |a 410 ; |c 23cm. | ||
| 650 | 0 | 0 | |a Harvard graphics (For windows) |x Computer graphics |
| 999 | |a 035596 |b BUKU |c PINJAMAN |e PERPUSTAKAAN KOMUNITI PETALING JAYA | ||
| 999 | |a 035597 |b BUKU |c RUJUKAN |e PERPUSTAKAAN KOMUNITI PETALING JAYA | ||